Historia natural: vida de los animales, de las plantas y de la tierra
Wedi'i Gadw mewn:
| Prif Awduron: | , |
|---|---|
| Awduron Eraill: | |
| Fformat: | Llyfr |
| Iaith: | Sbaeneg |
| Cyhoeddwyd: |
Barcelona
Instituto Gallach
1953
|
| Rhifyn: | 4a. ed |
| Pynciau: | |
| Tagiau: |
Ychwanegu Tag
Dim Tagiau, Byddwch y cyntaf i dagio'r cofnod hwn!
|
MARC
| LEADER | 00000nam a2200000 a 4500 | ||
|---|---|---|---|
| 001 | UCT1956 | ||
| 003 | CL-VaPUC | ||
| 008 | 961004e19530000SP |||||||||||||||||spa|d | ||
| 082 | 0 | 4 | |a 508 |b CAB |2 21 |
| 100 | 0 | |a Cabrera, Angel Lulio |e author |9 371009 | |
| 700 | 0 | |a Maluquer, Joaquín |e author |9 371010 | |
| 700 | |a Lozano Rey, Luis |e autor |9 371011 | ||
| 245 | 1 | 0 | |a Historia natural: vida de los animales, de las plantas y de la tierra |
| 250 | |a 4a. ed | ||
| 300 | |a v | ||
| 942 | |c BK | ||
| 945 | |d 19961004 00:00:00 |a cmena | ||
| 260 | |a Barcelona |b Instituto Gallach |c 1953 | ||
| 500 | |a v.1: Zoología: vertebrados | ||
| 500 | |a v.3: Botánica | ||
| 500 | |a v.4: Geología | ||
| 650 | 0 | |a Historia |9 255047 | |
| 650 | 0 | |a Naturaleza |9 269656 | |
| 650 | 0 | |a Zoología |9 261613 | |
| 650 | 7 | |a RECURSOS ANIMALES |2 CL-VaPUC |9 357360 | |
| 650 | 7 | |a ECOLOGIA ANIMAL |2 CL-VaPUC |9 371012 | |
| 650 | 0 | |a Botánica |9 264202 | |
| 650 | 7 | |a TIERRA PLANETA |2 CL-VaPUC |9 344500 | |
| 583 | |a last modification |c 19961004 00:00:00 |k Rodrigo Vera | ||
| 999 | |c 252279 |d 252277 | ||
| 952 | |0 0 |1 0 |4 0 |6 508_000000000000000_CAB_1953 |7 0 |8 A |9 272054 |a BIBCUR |b BIBCUR |d 2019-11-19 |h v.1 |i 1756141 |l 1 |o 508 CAB 1953 |p 1756141 |r 2025-04-22 |s 2025-03-07 |w 2019-11-19 |y BK |k BCB | ||
| 952 | |0 0 |1 0 |4 0 |6 508_000000000000000_CAB_1953 |7 0 |8 A |9 272055 |a BIBCUR |b BIBCUR |d 2019-11-19 |h v.3 |i 175615K |o 508 CAB 1953 |p 175615K |r 2025-04-22 |w 2019-11-19 |y BK |k BCB | ||
| 952 | |0 0 |1 0 |4 0 |6 508_000000000000000_CAB_1953 |7 0 |8 A |9 272056 |a BIBCUR |b BIBCUR |d 2019-11-19 |h v.4 |i 1756168 |l 1 |o 508 CAB 1953 |p 1756168 |r 2025-04-22 |s 2024-11-13 |w 2019-11-19 |y BK |k BCB | ||